| 000 | 00800nam a2200181Ia 4500 | ||
|---|---|---|---|
| 008 | 100921s9999 xx 000 0 und d | ||
| 082 |
_b30547 _a133.55 थ 97 |
||
| 100 | _aघाणेकर मधुसुदन. | ||
| 245 | _aअक्षर सांगते स्वभाव. | ||
| 260 |
_bइंद्रायणी साहित्य,पुणे. _c1997 |
||
| 300 |
_a68 _bरसिक साहित्य,पुणे |
||
| 365 | _b50 | ||
| 520 | _aतत्वज्ञान-ज्योतिष्यशास्त्र. | ||
| 630 | _aअक्षर सांगते स्वभाव. | ||
| 650 | _aतत्वज्ञान-ज्योतिष्यशास्त्र. | ||
| 730 | _aअक्षर सांगते स्वभाव. | ||
| 942 | _cBOOK | ||
| 999 |
_c779660 _d779657 |
||